• 首页
  • 本馆介绍
  • 公告通知
  • 最新文献
  • 馆藏检索
  • 电子资源
  • 读者导购
  • 参考咨询
  • 我的图书馆
  • 登录
  • 详细信息显示
  • 放入我的书架
  • 预约/预借图书
  • 作者相关作品
  • 分类相关作品
  • 丛书相关作品
  • 出版社相关作品

书目信息

  • 表格格式
  • 工作单格式
  • 卡片格式
题名:
和文汉读
    
 
作者: 王向远, 著
分册:  
出版信息: 北京   中央编译出版社  2014.05
页数: 373页, [1] 叶图版
开本: 23cm
丛书名: 比较文学与世界文学名家讲堂
单 册:
中图分类: I313.06
科图分类:
主题词: 日本文学--ri ben wen xue--文学研究--文集
电子资源:
ISBN: 978-7-5117-2162-4
000 01272nam 2200253 450
001 2331119801
005 20231123083854.64
010    @a978-7-5117-2162-4@dCNY68.00
100    @a20140709d2014 em y0chiy50 ea
101 0  @achi
102    @aCN@b110000
105    @aaf z 000yy
200 1  @a和文汉读@Ahe wen han du@e王向远教授讲日本文学@f王向远著
210    @a北京@c中央编译出版社@d2014.05
215    @a373页, [1] 叶图版@c图@d23cm
225 2  @a比较文学与世界文学名家讲堂@Abi jiao wen xue yu shi jie wen xue ming jia jiang tang
330    @a《和文汉读》是《比较文学与世界文学名家讲堂》20卷丛书之一。本书是作者日本文学研究的论文集。根据丛书篇幅的限定, 选文二十二篇。书名《和文汉读》, 化用了"汉文和读"这个日文词组, "汉文和读"指的是日本人用自己特有的读音和句法, 来注释、理解和阅读汉文。而"和文汉读"中的"和文", 是个日文词, 指日本文章, 在此作者用来借指"日本文学" ; "汉读", 是"和读"的仿词, 指中国式的读法。"和文汉读"就是"中国人读日本文学"的意思。
410  0 @12001 @a比较文学与世界文学名家讲堂
517 1  @a王向远教授讲日本文学@Awang xiang yuan jiao shou jiang ri ben wen xue
606 0  @a日本文学@Ari ben wen xue@x文学研究@j文集
690    @aI313.06@v5
701  0 @a王向远,@Awang xiang yuan@f1962-@4著
801  0 @aCN@b人天书店@c20140709
905    @aBZT@dI313.06@e5
    
    和文汉读:王向远教授讲日本文学/王向远著.-北京:中央编译出版社,2014.05
    373页, [1] 叶图版:图;23cm.-(比较文学与世界文学名家讲堂)
    
    
    ISBN 978-7-5117-2162-4:CNY68.00
    《和文汉读》是《比较文学与世界文学名家讲堂》20卷丛书之一。本书是作者日本文学研究的论文集。根据丛书篇幅的限定, 选文二十二篇。书名《和文汉读》, 化用了"汉文和读"这个日文词组, "汉文和读"指的是日本人用自己特有的读音和句法, 来注释、理解和阅读汉文。而"和文汉读"中的"和文", 是个日文词, 指日本文章, 在此作者用来借指"日本文学" ; "汉读", 是"和读"的仿词, 指中国式的读法。"和文汉读"就是"中国人读日本文学"的意思。
●
相关链接 在五车中查询图书 在当当中查询图书 在豆瓣中查询图书


正题名:和文汉读     索取号:I313.06/5         预约/预借

序号 登录号 条形码 馆藏地/架位号 状态 备注
1 2001075945   2001075945   东辅楼二楼书库/ [索取号:I313.06/5] 在馆    
2 2001075946   2001075946   东辅楼二楼书库/ [索取号:I313.06/5] 在馆    
3 2001075947   2001075947   东辅楼二楼书库/ [索取号:I313.06/5] 在馆    
4 2001075948   2001075948   东辅楼二楼书库/ [索取号:I313.06/5] 在馆    
5 2001075949   2001075949   东辅楼二楼书库/ [索取号:I313.06/5] 在馆    
6 2001075950   2001075950   东辅楼二楼书库/ [索取号:I313.06/5] 在馆    
7 2001075951   2001075951   东辅楼二楼书库/ [索取号:I313.06/5] 在馆    
8 2001075952   2001075952   东辅楼二楼书库/ [索取号:I313.06/5] 在馆    
9 2001075953   2001075953   东辅楼二楼书库/ [索取号:I313.06/5] 在馆    
10 2001075954   2001075954   东辅楼二楼书库/ [索取号:I313.06/5] 在馆    
11 2001075955   2001075955   东辅楼二楼书库/ [索取号:I313.06/5] 在馆    
12 2001075956   2001075956   东辅楼二楼书库/ [索取号:I313.06/5] 在馆    
13 2001075957   2001075957   东辅楼二楼书库/ [索取号:I313.06/5] 在馆    
14 2001075958   2001075958   东辅楼二楼书库/ [索取号:I313.06/5] 在馆    
15 2001075959   2001075959   东辅楼二楼书库/ [索取号:I313.06/5] 在馆    
16 2001075960   2001075960   东辅楼二楼书库/ [索取号:I313.06/5] 在馆    
17 2001075961   2001075961   东辅楼二楼书库/ [索取号:I313.06/5] 在馆    
18 2001075962   2001075962   东辅楼二楼书库/ [索取号:I313.06/5] 在馆    
19 2001075963   2001075963   东辅楼二楼书库/ [索取号:I313.06/5] 在馆    
20 2001075964   2001075964   东辅楼二楼书库/ [索取号:I313.06/5] 在馆    
21 2001075965   2001075965   东辅楼二楼书库/ [索取号:I313.06/5] 在馆    
22 2001075966   2001075966   东辅楼二楼书库/ [索取号:I313.06/5] 在馆    
23 2001075967   2001075967   东辅楼二楼书库/ [索取号:I313.06/5] 在馆    
24 2001075968   2001075968   东辅楼二楼书库/ [索取号:I313.06/5] 在馆    
25 2001075969   2001075969   东辅楼二楼书库/ [索取号:I313.06/5] 在馆    
26 2001075970   2001075970   东辅楼二楼书库/ [索取号:I313.06/5] 在馆    
27 2001075971   2001075971   东辅楼二楼书库/ [索取号:I313.06/5] 在馆    
28 2001075972   2001075972   东辅楼二楼书库/ [索取号:I313.06/5] 在馆    
29 2001075973   2001075973   东辅楼二楼书库/ [索取号:I313.06/5] 在馆    
30 2001075974   2001075974   东辅楼二楼书库/ [索取号:I313.06/5] 在馆    
山东省滨州职业学院图书馆 欢迎您!
大连网信软件有限公司© 版权所有